00430nam a2200157Ia 450000500170000000800410001702000150005808200180007324500390009125000160013026000580014630000170020465000130022165000120023470000260024620240805051816.0240331s9999 xx 000 0 und d a9551497007 bDHAa380.3025 0aDharman's media guide of Sri Lanka a7th edition aSri JayawardenapurabPublic Interest Publishersc2000 avi, 259 p ., aCultural aSociety aAthukorala,A.C. eedt